| 000 | 00832nam a22002177a 4500 | ||
|---|---|---|---|
| 999 |
_c7432 _d7432 |
||
| 003 | AR-CdUCM | ||
| 008 | 190320b ||||| |||| 00| 0 spa d | ||
| 040 |
_aMUNICIPALIDAD PROVINCIAL DEL CUSCO _cBIBLIOTECA MUNICIPAL DEL CUSCO |
||
| 082 |
_a664 / _bQ77 |
||
| 100 |
_aQuispe Ccama, Juan _920954 |
||
| 245 | _aProcesos de tecnología agroindustrial / | ||
| 260 |
_aCusco : _bCibercopy, _c2013. |
||
| 300 |
_a152 páginas ; _bIlustraciones, _c20 cm. |
||
| 505 | _aTecnología andina de productos lácteos -- Tecnología textil -- Tecnología de los cereales -- Tecnología de las carnes y embutidos ... | ||
| 650 |
_aTecnología alimentaria _920955 |
||
| 650 |
_aProcesamiento de productos lácteos _920956 |
||
| 650 |
_aTecnología textil _920957 |
||
| 700 |
_aQuispe Ccama, Magdalena _920958 |
||
| 942 |
_2ddc _cLIBROS |
||
| 945 | _aacv | ||